Statistics for Top 10 Most Important cities in history (Occidental) English-Italiano-Français

Click here to take the quiz!

General Stats

  • This quiz has been taken 844 times
  • The average score is 7 of 10

Answer Stats

HintAnswer% Correct
I.Rome
98%
VII.London
96%
V.Florence
70%
VI.Paris
69%
II.Athens
66%
IV.Constantinople
66%
VIII.New York
61%
X.Venice
51%
III.Jerusalem
42%
IX.Alexandria
32%

Score Distribution

Percentile by Number Answered

Percent of People with Each Score

Your Score History

You have not taken this quiz